000 00270nam a2200097Ia 4500
001 1197685
005 20250827021831.0
008 250824s9999 xx 000 0 und d
245 0 _aBİR DEVRİN BİTTİĞİ YER ÇANAKKALE
_cYAVUZ BAHADIROĞLU
260 _bPANAMA YAYINLARI
999 _c1197685
_d1197685